000 00205nam a22000857a 4500
001 1236368
005 20251001163812.0
245 _aDENİZ OLSUN ADI
_cADİL İZDİ
260 _bGÜNIŞIĞI KİTAPLIĞI YAYINLARI
999 _c1236368
_d1236368